000 00533nam a2200193Ia 4500
003 GCL
008 140319s9999 xx 000 0 ara d
040 _aGCL /
_cGCL
082 0 4 _aع
_b579.2
_bح ت
100 1 _aحسين فرج زين الدين
245 1 0 _aالتحنيط /
_cحسين فرج زين الدين
260 _a[S.N] :
_bدار الفكر العربى
300 _a176 ص
490 _a
650 0 4 _aالطيور
650 0 4 _aالتحنيط
650 0 4 _aالحيوانات - تربية
942 _2ddc
_cBK
999 _c30346
_d30346